000 00626nam a2200181Ia 4500
008 151018s9999 xx 000 0 und d
082 _bRBASDV28582
_a891.463
100 _aअनंत वासुदेव वाईरकर
245 _aबाईसाहेब
250 _b1
260 _bसुर्याक्षर विविधा पुणे
_c1996
300 _a120
600 _aअनंत वासुदेव वाईरकर
630 _aबाईसाहेब
700 _aअनंत वासुदेव वाईरकर
730 _aबाईसाहेब
942 _cBOOK
999 _c1028153
_d1028150